90th Academy Awards - Statistics

General Stats
  • This quiz has been taken 11 times
  • The average score is 16 of 24
Answer Stats
Hint Answer % Correct
Best Actress Frances McDormand
100%
Best Actor Gary Oldman
100%
Best Director Guillermo del Toro
100%
Best Supporting Actor Sam Rockwell
100%
Best Picture The Shape of Water
100%
Best Animated Feature Film Coco
89%
Best Original Score The Shape of Water
89%
Best Makeup and Hairstyling Darkest Hour
78%
Best Original Screenplay Get Out
78%
Best Production Design The Shape of Water
78%
Best Supporting Actress Allison Janney
67%
Best Adapted Screenplay Call Me by Your Name
67%
Best Sound Editing Dunkirk
67%
Best Sound Mixing Dunkirk
67%
Best Film Editing Dunkirk
67%
Best Visual Effects Blade Runner 2049
56%
Best Cinematography Blade Runner 2049
44%
Best Costume Design Phantom Thread
44%
Best Original Song Remember Me
44%
Best International Feature Film A Fantastic Woman
33%
Best Live Action Short Film The Silent Child
33%
Best Animated Short Film Dear Basketball
22%
Best Documentary Short Subject Heaven Is a Traffic Jam on the 405
22%
Best Documentary Feature Icarus
22%
No matching quizzes found
Score Distribution
Percent of People with Each Score
Percentile by Number Answered
Your Score History
You have not taken this quiz